000 00484nam a2200169Ia 4500
008 090711s9999 xx 000 0 und d
082 _b72322
100 _aघाणेकर प्र. के.
245 _aगड आणि कोट
260 _c1993
300 _a75
600 _aघाणेकर प्र. के.
630 _aगड आणि कोट
700 _aघाणेकर प्र. के.
730 _aगड आणि कोट
942 _cBOOK
999 _c296275
_d296275